header

Conversational dominance and gender (Record no. 1467)

MARC details
000 -LEADER
fixed length control field 01454pam a2200349Ia 4500
082 04 - DEWEY DECIMAL CLASSIFICATION NUMBER
Classification number 495.6/01/41
100 1# - MAIN ENTRY--AUTHOR NAME
Personal name Itakura, Hiroko.
245 10 - TITLE STATEMENT
Title Conversational dominance and gender
260 ## - PUBLICATION, DISTRIBUTION, ETC. (IMPRINT)
Place of publication Amsterdam ;
-- Philadelphia :
Name of publisher J. Benjamins Pub. Co.,
Year of publication c2001.
300 ## - PHYSICAL DESCRIPTION
Number of Pages xvii, 227 p.
490 1# - SERIES STATEMENT
Series statement Pragmatics & beyond ;
650 #0 - SUBJECT ADDED ENTRY--TOPICAL TERM
Topical Term Japanese language
Topical Term Japanese language
Topical Term Dominance (Psychology)
856 40 - ELECTRONIC LOCATION AND ACCESS
Uniform Resource Identifier http://site.ebrary.com/lib/rucke/Doc?id=5004975

No items available.

© 2026 Rongo University
Contact us: librarian | system librarian | Rongo university